<?xml version="1.0" encoding="UTF-8"?>
<marc:record xmlns:marc="http://www.loc.gov/MARC21/slim">
   <marc:leader>00000nam a2200000 a 4500</marc:leader>
   <marc:datafield ind1="1" ind2=" " tag="100">
      <marc:subfield code="a">Cordes, Miriam</marc:subfield>
      <marc:subfield code="4">aut</marc:subfield>
      <marc:subfield code="e">Verfasser/-in</marc:subfield>
   </marc:datafield>
   <marc:datafield ind1=" " ind2=" " tag="653">
      <marc:subfield code="a">Bilderbuch</marc:subfield>
   </marc:datafield>
   <marc:datafield ind1=" " ind2=" " tag="653">
      <marc:subfield code="a">Erzählerische Bilderbücher</marc:subfield>
   </marc:datafield>
   <marc:datafield ind1="0" ind2="0" tag="245">
      <marc:subfield code="a">Richtig gute Freunde</marc:subfield>
   </marc:datafield>
   <marc:datafield ind1=" " ind2="1" tag="264">
      <marc:subfield code="b">Carlsen</marc:subfield>
      <marc:subfield code="c">2020</marc:subfield>
   </marc:datafield>
   <marc:datafield ind1="1" ind2=" " tag="520">
      <marc:subfield code="a">Strandbär mag Lilou und Lilou mag Strandbär. Eine wunderbare Freundschaft beginnt und kleine und große Abenteuer machen die beiden glücklich. Als der Herbst kommt und Lilou in den Süden ziehen muss, ist Strandbär schrecklich traurig. Aber nach seinem Winterschlaf kommt Lilou zurück. „Echte Freunde kann eben nichts auf der Welt trennen, nicht einmal die halbe Welt.“
Eine berührende Freundschaftsgeschichte, die Kindern vermittelt, dass Anderssein sehr besonders ist und Offenheit für gegenseitiges Kennenlernen einen großartigen Blick auf die Welt ermöglicht. (Angaben aus der Verlagsmeldung)</marc:subfield>
   </marc:datafield>
   <marc:datafield ind1=" " ind2=" " tag="020">
      <marc:subfield code="a">9783551518477</marc:subfield>
      <marc:subfield code="9">9783551518477</marc:subfield>
   </marc:datafield>
</marc:record>
